[Event "Steinfurt Bezirksklasse 1314"]
[Site "Germany"]
[Date "2014.04.05"]
[Round "7.5"]
[White "Erber, Georg"]
[Black "Thiele, Simon"]
[Result "1-0"]
[WhiteElo "1101"]
[BlackElo "1005"]
[PlyCount "43"]
[EventDate "2013.10.05"]
[EventType "team-tourn"]
[EventRounds "9"]
[EventCountry "GER"]
[SourceTitle "EXT 2015"]
[Source "ChessBase"]
[SourceDate "2014.11.20"]
[SourceVersion "1"]
[SourceVersionDate "2014.11.20"]
[SourceQuality "1"]
[WhiteTeam "Saerbeck III"]
[BlackTeam "Emsdetten Turm IV"]
[WhiteTeamCountry "GER"]
[BlackTeamCountry "GER"]

1. c4 e5 2. Nc3 Nf6 3. d3 Bc5 4. Nf3 Nc6 5. h3 d6 6. Bg5 h6 7. Bh4 Be6 8. a3 e4 9. Nxe4 Nxe4 10. dxe4 g5 11. Bg3 Bxc4 12. e3 Na5 13. Bxc4 Nxc4 14. Qc1 Nb6 15. Qc3 f6 16. b4 Bxb4 17. axb4 Qe7 18. 0-0 Kf7 19. Nd4 c5 20. bxc5 dxc5 21. Nf5 Qxe4 22. Nd6+ 1-0

[Event "Steinfurt Bezirksklasse 1213"]
[Site "Germany"]
[Date "2013.01.19"]
[Round "4.8"]
[White "Beyer, Manuel"]
[Black "Erber, Georg"]
[Result "1/2-1/2"]
[WhiteElo "777"]
[BlackElo "1070"]
[PlyCount "32"]
[EventDate "2012.09.29"]
[EventType "team-tourn"]
[EventRounds "9"]
[EventCountry "GER"]
[SourceTitle "EXT 2015"]
[Source "ChessBase"]
[SourceDate "2014.11.20"]
[SourceVersion "1"]
[SourceVersionDate "2014.11.20"]
[SourceQuality "1"]
[WhiteTeam "Rheine CC"]
[BlackTeam "Saerbeck III"]
[WhiteTeamCountry "GER"]
[BlackTeamCountry "GER"]

1. d4 Nf6 2. e3 d5 3. Nc3 e6 4. Be2 Bb4 5. Bd2 0-0 6. Nf3 a6 7. a3 Bxc3 8. Bxc3 a5 9. b3 Ne4 10. Bb2 a4 11. Bd3 f5 12. Bxe4 fxe4 13. Ne5 Nd7 14. Rc1 Nxe5 15. dxe5 b6 16. c4 c6 1/2-1/2

[Event "Steinfurt Bezirksklasse 0910"]
[Site "Germany"]
[Date "2010.05.08"]
[Round "7.7"]
[White "Erber, Georg"]
[Black "Bakker, David"]
[Result "0-1"]
[WhiteElo "1220"]
[BlackElo "1051"]
[PlyCount "40"]
[EventDate "2009.09.26"]
[EventType "team-tourn"]
[EventRounds "7"]
[EventCountry "GER"]
[SourceTitle "EXT 2011"]
[Source "ChessBase"]
[SourceDate "2010.11.26"]
[SourceVersion "1"]
[SourceVersionDate "2010.11.26"]
[SourceQuality "1"]
[WhiteTeam "Saerbeck III"]
[BlackTeam "Steinfurt IV"]
[WhiteTeamCountry "GER"]
[BlackTeamCountry "GER"]

1. c4 e5 2. e4 Nf6 3. d3 Bc5 4. Be3 Bxe3 5. fxe3 0-0 6. Nc3 Nc6 7. Nf3 d6 8. h3 a6 9. d4 exd4 10. exd4 Re8 11. Bd3 Bf5 12. Qe2 Nb4 13. Rd1 Nxd3+ 14. Qxd3 Bxe4 15. Nxe4 Nxe4 16. 0-0 Qd7 17. Rde1 Nf6 18. Ng5 Rxe1 19. Rxe1 Re8 20. Rf1 h6 0-1

[Event "Steinfurt Bezirksklasse 0809"]
[Site "Germany"]
[Date "2009.03.07"]
[Round "5.8"]
[White "Gutjahr, Vladimir"]
[Black "Erber, Georg"]
[Result "1-0"]
[WhiteElo "1327"]
[BlackElo "1202"]
[PlyCount "89"]
[EventDate "2008.09.13"]
[EventType "team-tourn"]
[EventRounds "7"]
[EventCountry "GER"]
[SourceTitle "EXT 2010"]
[Source "ChessBase"]
[SourceDate "2010.11.25"]
[SourceVersion "1"]
[SourceVersionDate "2010.11.25"]
[SourceQuality "1"]
[WhiteTeam "Steinfurt IV"]
[BlackTeam "Saerbeck III"]
[WhiteTeamCountry "GER"]
[BlackTeamCountry "GER"]

1. d4 Nf6 2. Nc3 e6 3. e4 Bb4 4. Bg5 Bxc3+ 5. bxc3 d6 6. Bd3 Nbd7 7. Nf3 h6 8. Be3 a6 9. c4 b6 10. c3 Bb7 11. a4 a5 12. Nd2 Qe7 13. 0-0 Ba6 14. Qe2 0-0 15. Rfe1 e5 16. f3 Nh5 17. Qf2 Nf4 18. Bf1 Qg5 19. Qg3 Qxg3 20. hxg3 Ng6 21. g4 Nf4 22. g3 Ng6 23. Bh3 Rad8 24. Rab1 c5 25. d5 Nf6 26. Rxb6 Bc8 27. Kh2 Ne8 28. Rb8 Nc7 29. Rb6 f6 30. Reb1 Bd7 31. Nb3 Bxa4 32. Nxa5 Ra8 33. Nb7 Ne8 34. Nxd6 Nxd6 35. Rxd6 Rfb8 36. Rxb8+ Rxb8 37. Bxc5 Rb2+ 38. Bg2 Bd1 39. Kh3 Rc2 40. Bb4 Be2 41. c5 Rc1 42. c6 Ne7 43. Rd8+ Kf7 44. Rd7 Bxf3 45. Rxe7+ 1-0

[Event "Steinfurt Bezirksklasse 0708"]
[Site "Germany"]
[Date "2008.04.05"]
[Round "7.7"]
[White "Mostapha, Riad"]
[Black "Erber, Georg"]
[Result "1/2-1/2"]
[WhiteElo "1244"]
[BlackElo "1208"]
[PlyCount "40"]
[EventDate "2007.10.13"]
[EventType "team-tourn"]
[EventRounds "7"]
[EventCountry "GER"]
[SourceTitle "EXT 2009"]
[Source "ChessBase"]
[SourceDate "2008.11.26"]
[SourceVersion "1"]
[SourceVersionDate "2008.11.26"]
[SourceQuality "1"]
[WhiteTeam "Steinfurt IV"]
[BlackTeam "Saerbeck III"]
[WhiteTeamCountry "GER"]
[BlackTeamCountry "GER"]

1. d4 d5 2. Nf3 Nc6 3. Bf4 Nf6 4. e3 a6 5. c3 Nh5 6. Bg5 h6 7. Bh4 g5 8. Bg3 Bf5 9. Be2 Nxg3 10. hxg3 Qd7 11. Nbd2 Bg7 12. Qb3 b5 13. a4 0-0 14. 0-0 Na5 15. Qd1 c6 16. b4 Nc4 17. Bxc4 dxc4 18. e4 Bg6 19. axb5 cxb5 20. Ra5 Ra7 1/2-1/2

[Event "Steinfurt Bezirksklasse 0405"]
[Site "Germany"]
[Date "2005.03.12"]
[Round "8.2"]
[White "Merschkoetter, Peter"]
[Black "Erber, Georg"]
[Result "1-0"]
[WhiteElo "1609"]
[BlackElo "1252"]
[PlyCount "21"]
[EventDate "2004.09.18"]
[EventType "team-tourn"]
[EventRounds "11"]
[EventCountry "GER"]
[SourceTitle "EXT 2006"]
[Source "ChessBase"]
[SourceDate "2005.11.24"]
[SourceVersion "1"]
[SourceVersionDate "2005.11.24"]
[SourceQuality "1"]
[WhiteTeam "Reckenfeld II"]
[BlackTeam "Saerbeck IV"]
[WhiteTeamCountry "GER"]
[BlackTeamCountry "GER"]

1. e4 c5 2. Nf3 Nc6 3. d4 cxd4 4. Nxd4 Qc7 5. Nc3 a6 6. Be3 e6 7. a3 Bd6 8. g3 h6 9. Ndb5 axb5 10. Nxb5 Bb4+ 11. axb4 1-0

[Event "Steinfurt Bezirksklasse 0405"]
[Site "Germany"]
[Date "2004.11.13"]
[Round "3.2"]
[White "Braemik, Simon"]
[Black "Erber, Georg"]
[Result "1-0"]
[WhiteElo "1541"]
[BlackElo "1252"]
[PlyCount "51"]
[EventDate "2004.09.18"]
[EventType "team-tourn"]
[EventRounds "11"]
[EventCountry "GER"]
[SourceTitle "EXT 2006"]
[Source "ChessBase"]
[SourceDate "2005.11.24"]
[SourceVersion "1"]
[SourceVersionDate "2005.11.24"]
[SourceQuality "1"]
[WhiteTeam "Rheine SG"]
[BlackTeam "Saerbeck IV"]
[WhiteTeamCountry "GER"]
[BlackTeamCountry "GER"]

1. d4 e6 2. c4 c5 3. e3 Nc6 4. Nc3 Nf6 5. Nf3 Be7 6. d5 exd5 7. cxd5 Nb4 8. d6 Bf8 9. e4 a6 10. Bg5 h6 11. Bh4 Qb6 12. e5 g5 13. Bg3 Nh5 14. Nd5 Qa7 15. Nc7+ Kd8 16. Nxa8 Qxa8 17. Qd5 Rh7 18. Qxc5 Nc6 19. Bd3 Rg7 20. Rc1 Qb8 21. Nd4 Nxg3 22. hxg3 g4 23. Rxh6 Rg5 24. Nxc6+ Ke8 25. Nxb8 Bxh6 26. Qxc8# 1-0

[Event "Steinfurt Kreisklasse 0203"]
[Site "Germany"]
[Date "2003.04.05"]
[Round "9.2"]
[White "Scheffer, Arne"]
[Black "Erber, Georg"]
[Result "1/2-1/2"]
[WhiteElo "1343"]
[BlackElo "1241"]
[PlyCount "49"]
[EventDate "2002.09.21"]
[EventType "team-tourn"]
[EventRounds "10"]
[EventCountry "GER"]
[SourceTitle "EXT 2005"]
[Source "ChessBase"]
[SourceDate "2004.11.15"]
[SourceVersion "1"]
[SourceVersionDate "2004.11.15"]
[SourceQuality "1"]
[WhiteTeam "Rheine SG II"]
[BlackTeam "Saerbeck Falke IV"]
[WhiteTeamCountry "GER"]
[BlackTeamCountry "GER"]

1. d4 d5 2. f4 Nf6 3. Nf3 Nc6 4. e3 a6 5. c3 Bf5 6. Bd3 Be4 7. 0-0 e6 8. Qe2 Be7 9. Nbd2 Bxd3 10. Qxd3 0-0 11. e4 dxe4 12. Nxe4 Nxe4 13. Qxe4 Qd7 14. Qe2 f5 15. Ne5 Nxe5 16. fxe5 Rf7 17. Be3 g5 18. Rad1 c6 19. Qh5 Rg7 20. Qe2 b5 21. a3 Qd5 22. Bc1 a5 23. Qf3 Qd7 24. g4 Rf8 25. Bd2 1/2-1/2

[Event "Steinfurt Kreisklasse 0203"]
[Site "Germany"]
[Date "2002.10.26"]
[Round "2.3"]
[White "Erber, Georg"]
[Black "Heeger, Klaus"]
[Result "0-1"]
[WhiteElo "1241"]
[BlackElo "1332"]
[PlyCount "86"]
[EventDate "2002.09.21"]
[EventType "team-tourn"]
[EventRounds "10"]
[EventCountry "GER"]
[SourceTitle "EXT 2005"]
[Source "ChessBase"]
[SourceDate "2004.11.15"]
[SourceVersion "1"]
[SourceVersionDate "2004.11.15"]
[SourceQuality "1"]
[WhiteTeam "Saerbeck Falke IV"]
[BlackTeam "Emsdetten Rochade IV"]
[WhiteTeamCountry "GER"]
[BlackTeamCountry "GER"]

1. c4 Nf6 2. Nc3 e6 3. a3 Be7 4. Nf3 Nc6 5. d4 d5 6. e3 0-0 7. Bd3 b6 8. 0-0 Bb7 9. b3 Re8 10. Qc2 h6 11. Re1 dxc4 12. bxc4 Na5 13. e4 c5 14. Be3 cxd4 15. Nxd4 Rc8 16. Nce2 b5 17. Nxb5 a6 18. Nbd4 Qc7 19. Rac1 Bc5 20. f3 e5 21. Nf5 Kh8 22. Bxc5 Qxc5+ 23. Kh1 Nc6 24. h3 Ne7 25. Neg3 Ng6 26. Qd2 Nf4 27. Qe3 Qxe3 28. Nxe3 Nxd3 29. Rb1 Bc6 30. Rb6 Nc5 31. Nef5 Re6 32. Rd1 Nfd7 33. Rb2 Ba4 34. Rdd2 Bc6 35. Nd6 Rf8 36. Ne2 Kh7 37. g4 Rf6 38. Kg2 a5 39. h4 a4 40. Kg3 Nb3 41. Rd3 Ndc5 42. Rd1 Rd8 43. Rxb3 axb3 0-1